Lyon Top 10 Leaders - Statistics

General Stats
  • This quiz has been taken 335 times
    280 since last reset
  • The average score is 7 of 17
Answer Stats
Goals Apps Player % Correct
201 391 Alexandre Lacazette
94%
100 344 Juninho
89%
0 489 Anthony Lopes
74%
149 258 Bernard Lacombe
52%
82 168 Lisandro López
51%
222 494 Fleury Di Nallo
50%
0 519 Grégory Coupet
50%
77 412 Sidney Govou
49%
94 160 Sonny Anderson
43%
95 244 Bafétimbi Gomis
41%
132 542 Serge Chiesa
36%
94 164 Nestor Combin
8%
0 490 Yves Chauveau
6%
1 425 Aimé Mignot
3%
67 380 Ángel Rambert
2%
6 400 Anthony Réveillère
2%
91 176 Ernest Schultz
2%
No matching quizzes found
Score Distribution
Percent of People with Each Score
Percentile by Number Answered
Your Score History
You have not taken this quiz since the last reset